LEADER 05024nam 22006133u 450 001 9910462132603321 005 20210117154732.0 035 $a(CKB)2670000000169198 035 $a(EBL)876180 035 $a(OCoLC)244017283 035 $a(MiAaPQ)EBC876180 035 $a(MiAaPQ)EBC350902 035 $a(Au-PeEL)EBL350902 035 $a(EXLCZ)992670000000169198 100 $a20131014d2008|||| u|| | 101 0 $aeng 135 $aurcnu|||||||| 181 $ctxt$2rdacontent 182 $cc$2rdamedia 183 $acr$2rdacarrier 200 12$aA Course in Monetary Economics$b[electronic resource] $eSequential Trade, Money, and Uncertainty 205 $a1st ed. 210 $aHoboken $cWiley$d2008 215 $a1 online resource (424 p.) 300 $aDescription based upon print version of record. 311 $a0-631-21566-2 327 $aA COURSE IN MONETARY ECONOMICS; Contents; Preface; Part I: Introduction to Monetary Economics; 1 Overview; 1.1 Money, Inflation, and Output: Some Empirical Evidence; 1.2 The Policy Debate; 1.3 Modeling Issues; 1.4 Background Material; 1.4.1 The Fisherian diagram; 1.4.2 Efficiency and distortive taxes; 1.4.3 Asset pricing; 2 Money in the Utility Function; 2.1 Motivating the Money in the Utility Function Approach: The Single-period, Single-agent Problem; 2.2 The Multi-period, Single-agent Problem; 2.3 Equilibrium with Constant Money Supply 327 $a2.4 The Social and Private Cost for Accumulating Real Balances 2.5 Administrative Ways of Getting to the Optimum; 2.6 Once and for All Changes in M; 2.7 Change in the Rate of Money Supply Change: Technical Aspects; 2.8 Change in the Rate of Money Supply Change: Economics; 2.9 Steady-state Equilibrium (SSE); 2.10 Transition from One Steady State to Another; 2.11 Regime Changes; 2.12 Introducing Physical Capital and Bonds; 2.13 The Golden Rule and the Modified Golden Rule; Appendix 2A A dynamic programming example; 3 The Welfare Cost of Inflation in a Growing Economy 327 $a3.1 Steady-state Equilibrium in a Growing Economy 3.2 Generalizing the Model in Chapter 2 to the Case of Growth; 3.3 Money Substitutes; Appendix 3A A dynamic programming formulation; 4 Government; 4.1 The Revenues from Printing Money; 4.1.1 Steady-state revenues; 4.1.2 Out of the steady-state revenues; 4.1.3 The present value of revenues; Appendix 4A Non-steady-state equilibrium; 4.2 The Government's "Budget Constraint"; 4.2.1 Monetary and fiscal policy: Who moves first?; 4.2.2 The fiscal approach to the price level 327 $a4.3 Policy in the Absence of Perfect Commitment: A Positive Theory of Inflation5 More Explicit Models of Money; 5.1 A Cash-in-advance Model; 5.1.1 A two-goods model; 5.1.2 An analogous real economy; 5.1.3 Money super-neutrality in a one-good model; 5.2 An Overlapping Generations Model; 5.3 A Baumol-Tobin Type Model; Appendix 5A; 6 Optimal Fiscal and Monetary Policy; 6.1 The Second-best Allocation; 6.2 The Second Best and the Friedman Rule; 6.3 Smoothing Tax Distortions; 6.4 A Shopping Time Model; 7 Money and the Business Cycle: Does Money Matter? 327 $a7.1 VAR and Impulse Response Functions: An Example7.2 Using VAR Impulse Response Analysis to Assess the Money-Output Relationship; 7.3 Specification Search; 7.4 Variance Decomposition; 8 Sticky Prices in a Demand-satisfying Model; 9 Sticky Prices with Optimal Quantity Choices; 9.1 The Production to Order Case; 9.2 The Production to Market Case; 10 Flexible Prices; 10.1 Lucas' Confusion Hypothesis; 10.2 Limited Participation; Part II: An Introduction to the Economics of Uncertainty; 11 Preliminaries; 11.1 Trade in Contingent Commodities; 11.2 Effficient Risk Allocation 327 $a12 Does Insurance Require Risk Aversion? 330 $aMonetary Economics and Sequential Trade is an insightful introduction to the advanced topics in monetary economics. Accessible to students who have mastered the diagrammatic tools of economics, it discusses real issues with a variety of modeling alternatives, allowing for a direct comparison of the implications of the different models. The exposition is clear and logical, providing a solid foundation in monetary theory and the techniques of economic modeling. The text is rooted in the author's years of teaching and research, and will be highly suitable for monetary economics courses in both 606 $aMonetary policy 606 $aMoney - Mathematical models 606 $aMoney 606 $aUncertainty - Mathematical models 608 $aElectronic books. 615 4$aMonetary policy. 615 4$aMoney - Mathematical models. 615 4$aMoney. 615 4$aUncertainty - Mathematical models. 676 $a332.4 676 $a332.4/6 676 $a332.40151 676 $a332.46 700 $aEden$b Benjamin$0918225 801 0$bAU-PeEL 801 1$bAU-PeEL 801 2$bAU-PeEL 906 $aBOOK 912 $a9910462132603321 996 $aA Course in Monetary Economics$92058857 997 $aUNINA LEADER 01200nam 2200445 450 001 9910811943003321 005 20230808194635.0 010 $a1-68325-160-1 035 $a(CKB)3710000000776884 035 $a(MiAaPQ)EBC4619674 035 $a(Au-PeEL)EBL4619674 035 $a(CaPaEBR)ebr11241313 035 $a(OCoLC)956277915 035 $a(EXLCZ)993710000000776884 100 $a20160825h20162016 uy 0 101 0 $aspa 135 $aurcnu|||||||| 181 $2rdacontent 182 $2rdamedia 183 $2rdacarrier 200 10$aAdelgazar sin riesgo y permanecer delgado /$fMarie Kermel 210 1$aIreland :$cEditorial De Vecchi,$d2016. 210 4$dİ2016 215 $a1 online resource (91 pages) $cillustrations, tables 225 1 $aSalud 311 $a84-315-3337-4 410 0$aColeccio?n Salud. 606 $aWeight loss 606 $aDiet 615 0$aWeight loss. 615 0$aDiet. 676 $a613.25 700 $aKermel$b Marie$01659744 801 0$bMiAaPQ 801 1$bMiAaPQ 801 2$bMiAaPQ 906 $aBOOK 912 $a9910811943003321 996 $aAdelgazar sin riesgo y permanecer delgado$94014537 997 $aUNINA LEADER 02592nam 2200649 450 001 9910824448403321 005 20230126213210.0 010 $a1-63400-011-0 035 $a(CKB)3710000000199250 035 $a(EBL)3328242 035 $a(SSID)ssj0001267602 035 $a(PQKBManifestationID)12461587 035 $a(PQKBTitleCode)TC0001267602 035 $a(PQKBWorkID)11263823 035 $a(PQKB)11424477 035 $a(MiAaPQ)EBC3328242 035 $a(Au-PeEL)EBL3328242 035 $a(CaPaEBR)ebr10894591 035 $a(OCoLC)889313852 035 $a(EXLCZ)993710000000199250 100 $a20140724h20142014 uy 0 101 0 $aeng 135 $aur|n|---||||| 181 $ctxt$2rdacontent 182 $cc$2rdamedia 183 $acr$2rdacarrier 200 10$aEphemeral material $equeering the archive /$fAlana Kumbier 210 1$aSacramento, California :$cLitwin Books,$d2014. 210 4$dİ2014 215 $a1 online resource 225 1 $aSeries on Gender and Sexuality in Information Studies ;$vNumber 5 311 $a1-936117-51-7 320 $aIncludes bibliographical references and index. 327 $aSection One. Negotiating archives -- Inventing history : The Watermelon Woman and archive activism -- Haunting archives : memory, disability, and archival spaces in Liebe Perla -- Section Two. Archiving from the ground up -- Archiving drag king communities from the ground up -- The collaborative archive : Aliza Shapiro's datum -- Queer zines and archival pedagogies. 330 $a"Articulates a queer approach to archival studies and archival practice, and establishes the relevance of this approach beyond collections with LGBTQ content"--$cProvided by publisher. 410 0$aSeries on gender and sexuality in information studies ;$vNumber 5. 606 $aArchives$xSocial aspects 606 $aSexual minorities$vArchives 606 $aArchives$xStudy and teaching 606 $aArchives$xManagement 606 $aArchives (LGBTQ)$2homoit$1https://homosaurus.org/v3/homoit0000066 606 $aQueer theory$2homoit$1https://homosaurus.org/v3/homoit0001219 615 0$aArchives$xSocial aspects. 615 0$aSexual minorities 615 0$aArchives$xStudy and teaching. 615 0$aArchives$xManagement. 615 7$aArchives (LGBTQ). 615 7$aQueer theory. 676 $a025 700 $aKumbier$b Alana$01674830 801 0$bMiAaPQ 801 1$bMiAaPQ 801 2$bMiAaPQ 906 $aBOOK 912 $a9910824448403321 996 $aEphemeral material$94039860 997 $aUNINA